TRC spectral data, Raman /

Guardado en:
Autor Corporativo: Texas Engineering Experiment Station. Thermodynamics Research Center. Hydrocarbon Project.
Formato: Libro
Idioma:English
Publicado: College Station, Texas : Thermocynamics Research Center, Texas A & M University, [1948]-
Materias:
Etiquetas: Agregar Etiqueta
Sin Etiquetas, Sea el primero en etiquetar este registro!
LEADER 01312nam a22002895a 4500
001 EIQ.libpla001949
008 070312s1974####xx#a##########001#0#eng#d
005 20070312165945.0
245 0 0 |a TRC spectral data, Raman /  |c Thermodynamics Research Center Hydrocarbon Project. 
260 |a College Station, Texas :  |b Thermocynamics Research Center, Texas A & M University,  |c [1948]- 
300 |a 3v. (hoja sustituible) :  |b il., tablas ;  |c 30 cm. 
500 |a Anteriormente publicado por el instituto american Petroleum, proyecto de investigación 44. 
500 |a Continuado por suplementos. 
500 |a Incluye índice. 
710 2 |a Texas Engineering Experiment Station.  |b Thermodynamics Research Center.  |b Hydrocarbon Project. 
246 3 0 |a Selected Raman spectral data. 
246 3 0 |a Raman spectral data. 
650 4 |a Espectroscopia Raman  |x Tablas. 
650 4 |a Hidrocarbonos  |x Tablas. 
650 4 |a Efectos Raman  |x Tablas. 
650 4 |a Raman spectroscopy  |x Tables. 
650 4 |a Raman spectroscopy  |x Tables. 
650 4 |a Raman effects  |x Tables. 
040 |a AR-BbSID  |b spa  |c AR-BbSID 
859 |a AR-BbSID  |b BIB. PLAPIQUI  |h 541.369  |i T 34  |k R  |p 4921  |v Vol. 1  |3 Vol. 1 
859 |a AR-BbSID  |b BIB. PLAPIQUI  |h 541.369  |i T 34  |k R  |p 4922  |v Vol. 2  |3 Vol. 2 
859 |a AR-BbSID  |b BIB. PLAPIQUI  |h 541.369  |i T 34  |k R  |p 4923  |v Vol. 3  |3 Vol. 3